<?xml version="1.0" encoding="UTF-8"?><?xml-stylesheet type="text/xsl" href="static/style.xsl"?><OAI-PMH xmlns="http://www.openarchives.org/OAI/2.0/" xmlns:xsi="http://www.w3.org/2001/XMLSchema-instance" xsi:schemaLocation="http://www.openarchives.org/OAI/2.0/ http://www.openarchives.org/OAI/2.0/OAI-PMH.xsd"><responseDate>2026-04-17T08:02:22Z</responseDate><request verb="GetRecord" identifier="oai:www.recercat.cat:2072/476757" metadataPrefix="marc">https://recercat.cat/oai/request</request><GetRecord><record><header><identifier>oai:recercat.cat:2072/476757</identifier><datestamp>2025-07-29T23:05:57Z</datestamp><setSpec>com_2072_98</setSpec><setSpec>col_2072_378192</setSpec></header><metadata><record xmlns="http://www.loc.gov/MARC21/slim" xmlns:dcterms="http://purl.org/dc/terms/" xmlns:xsi="http://www.w3.org/2001/XMLSchema-instance" xmlns:doc="http://www.lyncode.com/xoai" xsi:schemaLocation="http://www.loc.gov/MARC21/slim http://www.loc.gov/standards/marcxml/schema/MARC21slim.xsd">
   <leader>00925njm 22002777a 4500</leader>
   <datafield ind2=" " ind1=" " tag="042">
      <subfield code="a">dc</subfield>
   </datafield>
   <datafield ind2=" " ind1=" " tag="720">
      <subfield code="a">Gisondi, Paolo</subfield>
      <subfield code="e">author</subfield>
   </datafield>
   <datafield ind2=" " ind1=" " tag="720">
      <subfield code="a">Simon, Dagmar</subfield>
      <subfield code="e">author</subfield>
   </datafield>
   <datafield ind2=" " ind1=" " tag="720">
      <subfield code="a">Alarcon De La Lastra, Ivette</subfield>
      <subfield code="e">author</subfield>
   </datafield>
   <datafield ind2=" " ind1=" " tag="720">
      <subfield code="a">Pournara, Effie</subfield>
      <subfield code="e">author</subfield>
   </datafield>
   <datafield ind2=" " ind1=" " tag="720">
      <subfield code="a">Puig Sanz, Lluís</subfield>
      <subfield code="e">author</subfield>
   </datafield>
   <datafield ind2=" " ind1=" " tag="720">
      <subfield code="a">Universitat Autònoma de Barcelona</subfield>
      <subfield code="e">author</subfield>
   </datafield>
   <datafield ind2=" " ind1=" " tag="260">
      <subfield code="c">2023</subfield>
   </datafield>
   <datafield ind2=" " ind1=" " tag="520">
      <subfield code="a">There is a paucity of evidence on the impact of immune-mediated inflammatory disease (IMID) treatments on the immunogenicity of SARS-CoV-2 vaccination. The purpose of this literature review is to address the question of whether patients with IMIDs receiving secukinumab, a fully human anti-interleukin-17A monoclonal antibody, have an adequate immune response after SARS-CoV-2 vaccination. Clinical studies that evaluated the effect of secukinumab on immune responses in patients with IMIDs after SARS-CoV-2 vaccination were searched in publication databases, including Medline and Embase, until May 2022. From the 53 articles identified, a total of 11 articles were included. Overall, the majority of the patients treated with secukinumab elicited an adequate immune response to SARS-CoV-2 vaccines. Patients receiving secukinumab for IMIDs developed cellular immune responses following vaccination with the BNT162b2 vaccine, and there were no significant differences in the overall humoral and cellular immune responses between patients and healthy individuals. The third dose of the BNT162b2 mRNA vaccine resulted in a positive antibody response in secukinumab-treated patients. The available data provide no evidence of impairment in immunological response to SARS-CoV-2 vaccines by secukinumab in patients with IMIDs.</subfield>
   </datafield>
   <datafield tag="653" ind2=" " ind1=" ">
      <subfield code="a">COVID-19</subfield>
   </datafield>
   <datafield tag="653" ind2=" " ind1=" ">
      <subfield code="a">SARS-CoV-2 vaccination</subfield>
   </datafield>
   <datafield tag="653" ind2=" " ind1=" ">
      <subfield code="a">Immune-mediated inflammatory diseases</subfield>
   </datafield>
   <datafield tag="653" ind2=" " ind1=" ">
      <subfield code="a">Secukinumab</subfield>
   </datafield>
   <datafield ind2="0" ind1="0" tag="245">
      <subfield code="a">Immune response to severe acute respiratory syndrome coronavirus 2 (SARS-CoV-2) vaccination in patients receiving secukinumab : a literature review</subfield>
   </datafield>
</record></metadata></record></GetRecord></OAI-PMH>